000 01377nam a2200325 c 4500
003 BLK
005 20180422120853.0
008 180411b bul|||||r ||||||| ||bul||
010 _aKNG00217454000
040 _aBLK
041 _aBUL
_cBUL
080 _aАнглийска литература
_b821.111
_x-312.4
_z821.111-312.4
100 1 _aЧейс, Джеймс Хадли
_eпърви автор
_9369710
700 1 _aЗоева, Фани
_eпрев. от англ.
_9258653
700 1 _aГеоргиева, Жечка
_eпрев. от англ.
_9364312
139 _aЧейс, Джеймс Хадли
_bЧ 49
245 1 0 _aКовчег от Хонконг ; Свидетели няма да има
_bРомани
_cДжеймс Хадли Чейс; прев. от англ. Фани Зоева; прев. от англ. Жечка Георгиева.
257 _aGBR
260 София
_bНар. младеж
_c1988
300 _a328 с.
_c21 см
380 _aX
490 1 _aБиблиотека Лъч
490 1 _3Подсерия
_aИзбрано
500 _aОриг. загл. A coffin from Hong Kong ; This way for a shroud / James Hadley Chase. - В кн. означено 1. и 2. изд.
852 _aЦб 154728
856 4 _qpdf
_u
856 4 _qpdf
_u
942 _cKNG
_n0
944 _aCR
_c21.03.2018
_kНора_Радева
944 _aED
_c21.03.2018
_kНора_Радева
999 _c207687
_d207687